000 00894cam a2200253 a 4500
001 13889226
005 20180223082857.0
008 050304s2005 nyua b 001 0 eng
010 _a 2005006169
020 _a0814472834 (pbk.)
040 _aDLC
_cDLC
_dDLC
041 _aeng
042 _apcc
043 _an-us---
080 _a371.9 lin
082 0 0 _a371.9 lin
_222
100 1 _a48
101 _aedu
245 1 2 _aA parent's guide to special education :
_cLinda Wilmshurst, & Alan W. Brue.
504 _aIncludes bibliographical references (p. 255) and index.
906 _a7
_bcbc
_corignew
_d1
_eecip
_f20
_gy-gencatlg
942 _2ddc
_cBK
999 _c43309
_d43309